Southville International School and Colleges
Your cart is empty.
  • Cart
  • Lists
    Public lists Eva Luna New books Lux_list list_1
    Your lists Log in to create your own lists
  • Log in to your account
  • Your cookies
  • Search history
Southville International School and Colleges
  • Advanced search
  • Recent comments
  • Most popular
  • Libraries

Log in to your account

Log in with GOOGLE


If you do not have an external account, but do have a local account, you can still log in:

  1. Home
  2. MARC view: Cyber stalker :
Normal view MARC view ISBD view

Cyber stalker : (Record no. 11629)

[ view plain ]
MARC details
000 -LEADER
fixed length control field 00939cam a22002893a 4500
001 - CONTROL NUMBER
control field 16394633
003 - CONTROL NUMBER IDENTIFIER
control field PILC
005 - DATE AND TIME OF LATEST TRANSACTION
control field 20160114143348.0
008 - FIXED-LENGTH DATA ELEMENTS--GENERAL INFORMATION
fixed length control field 991223s1999 xxu 000 1 eng
010 ## - LIBRARY OF CONGRESS CONTROL NUMBER
LC control number 99603660
020 ## - INTERNATIONAL STANDARD BOOK NUMBER
International Standard Book Number 0553492276
035 ## - SYSTEM CONTROL NUMBER
System control number (DLC) 99603660
040 ## - CATALOGING SOURCE
Original cataloging agency DLC
Transcribing agency DLC
Modifying agency DLC
050 ## - LIBRARY OF CONGRESS CALL NUMBER
Classification number PZ 7
Item number .P278st 1999
082 ## - DEWEY DECIMAL CLASSIFICATION NUMBER
Classification number FIC
Item number J61sv 1999
100 1# - MAIN ENTRY--PERSONAL NAME
Personal name John, Laurie.
9 (RLIN) 19647
245 10 - TITLE STATEMENT
Title Cyber stalker :
Remainder of title the return of william white part 1
Statement of responsibility, etc written by Laurie John ; created by Francine Pascal.
260 ## - PUBLICATION, DISTRIBUTION, ETC. (IMPRINT)
Place of publication, distribution, etc New York :
Name of publisher, distributor, etc Bantam Books,
Date of publication, distribution, etc c1999.
300 ## - PHYSICAL DESCRIPTION
Extent 281 p. ;
Dimensions 17 cm.
500 ## - GENERAL NOTE
General note "Sweet Valley University thriller edition, #13."
655 #7 - INDEX TERM--GENRE/FORM
Genre/form data or focus term Young adult fiction.
Source of term lcsh
9 (RLIN) 3735
700 1# - ADDED ENTRY--PERSONAL NAME
Personal name Pascal, Francine.
9 (RLIN) 3767
710 2# - ADDED ENTRY--CORPORATE NAME
Corporate name or jurisdiction name as entry element Copyright Paperback Collection (Library of Congress)
Institution to which field applies DLC
9 (RLIN) 705
906 ## - LOCAL DATA ELEMENT F, LDF (RLIN)
a 7
b cbc
c orignew
d 2
e ncip
f 19
g y-genrareb
942 ## - ADDED ENTRY ELEMENTS (KOHA)
Source of classification or shelving scheme Library of Congress Classification
Koha item type Books
Holdings
Withdrawn status Lost status Source of classification or shelving scheme Damaged status Home library Current library Shelving location Date acquired Total Checkouts Full call number Barcode Date last seen Copy number Price effective from Koha item type
    Library of Congress Classification   Luxembourg Library Luxembourg Library Fiction Section 09/18/2013   PZ 7 .P278st 1999 8478 07/02/2015 1 09/18/2013 Books

Cyber stalker :

APA

John L., Pascal F. & Copyright Paperback Collection (Library of Congress). (1999). Cyber stalker. New York: Bantam Books.

Chicago

John Laurie, Pascal Francine and Copyright Paperback Collection (Library of Congress). 1999. Cyber stalker. New York: Bantam Books.

Harvard

John L., Pascal F. and Copyright Paperback Collection (Library of Congress). (1999). Cyber stalker. New York: Bantam Books.

MLA

John Laurie, Pascal Francine and Copyright Paperback Collection (Library of Congress). Cyber stalker. New York: Bantam Books. 1999.

  • Place hold
  • Print
  • Cite
  • Add to your cart (remove)
  • Save record
    BIBTEX Dublin Core MARCXML MARC (non-Unicode/MARC-8) MARC (Unicode/UTF-8) MARC (Unicode/UTF-8, Standard) MODS (XML) RIS
  • More searches
    Search for this title in:
    Other Libraries (WorldCat) Other Databases (Google Scholar) Online Stores (Bookfinder.com) Open Library (openlibrary.org)

Exporting to Dublin Core...

SOUTHVILLE LIBRARY

Southville International School and Colleges Library

1281 Tropical Ave. Cor. Luxembourg St., BF Homes International, Las Pinas City

Tel. No. 8256374 / 252358 Loc. 117/146

Powered by Koha